| 000 | 00963nam a2200265 a 4500 | ||
|---|---|---|---|
| 001 | BRCA_1714 | ||
| 005 | 20190320203523.0 | ||
| 008 | 960124s1995 mx-a---##c---#000-0dspa-# | ||
| 020 | _a9682983541 | ||
| 040 |
_aDLC _cDLC |
||
| 041 | _aengspa | ||
| 050 | 4 |
_aF1234 _b.B74 1995 |
|
| 100 | 1 |
_aBrehme, Hugo _d1882-1954 _95360 |
|
| 245 | 1 | 0 |
_aMéxico _buna nación persistente : fotografías _cHugo Brehme ; texto José Luis Pedroza. |
| 260 |
_aMéxico _bINBA _c1995 |
||
| 300 |
_a154 p. _bil. (algunas a color) _c28 cm. |
||
| 500 | _aCatálogo de la exposición realizada en el Museo Estudio Diego Rivera, INBA, durante el primer festival de la Fundación Cultural San Ángel | ||
| 500 | _aIncluye cronología de Hugo Brehme | ||
| 546 | _aTexto en : inglés y español | ||
| 651 | 4 |
_aMéxico _xHistoria _y1910-1946 _94779 |
|
| 651 | 4 |
_aMéxico _xVida social y costumbres _9769 |
|
| 653 | 0 | _aVida cotidiana | |
| 700 | 1 |
_aPedroza, José Luis _95361 |
|
| 942 |
_2lcc _cB |
||
| 999 |
_c1504 _d1504 |
||